000 00453nam a2200157Ia 4500
008 210716s2011 xx 000 0 und d
020 _a9788120339835
041 _aeng
082 _a658.812 BISS
100 _aBiswas, Supriya.
245 _aRelationdhip marketing: concepts theories and cases.
_bConcepts theories and cases.
250 _a1
260 _aNew Delhi
_bPHI Learning private limited.
_c2011
300 _axvii,406
650 _aMarketing
999 _c208268
_d208268